དབུ་མ་རྒྱན་གྱི་རྩ་བ་དང་འགྲེལ་པ། (Record no. 4438)
[ view plain ]
| 000 -LEADER | |
|---|---|
| fixed length control field | 00559nam a2200181 4500 |
| 001 - CONTROL NUMBER | |
| control field | 5290 |
| 005 - DATE AND TIME OF LATEST TRANSACTION | |
| control field | 20190813100352.0 |
| 008 - FIXED-LENGTH DATA ELEMENTS--GENERAL INFORMATION | |
| fixed length control field | 190813b ||||| |||| 00| 0 eng d |
| 020 00 - INTERNATIONAL STANDARD BOOK NUMBER | |
| International Standard Book Number | 9789993622987 |
| 090 00 - LOCALLY ASSIGNED LC-TYPE CALL NUMBER (OCLC); LOCAL CALL NUMBER (RLIN) | |
| Classification number (OCLC) (R) ; Classification number, CALL (RLIN) (NR) | 241.51 T8823u 2009 |
| 100 00 - MAIN ENTRY--PERSONAL NAME | |
| Personal name | Norbu, Ngawang. |
| 245 00 - TITLE STATEMENT | |
| Title | དབུ་མ་རྒྱན་གྱི་རྩ་བ་དང་འགྲེལ་པ། |
| Statement of responsibility, etc. | Ngawang Norbu. |
| 250 00 - EDITION STATEMENT | |
| Edition statement | 1st ed. |
| 260 00 - PUBLICATION, DISTRIBUTION, ETC. | |
| Place of publication, distribution, etc. | Phuentsholing : |
| Name of publisher, distributor, etc. | KMT Publication, |
| Date of publication, distribution, etc. | 2009. |
| 300 00 - PHYSICAL DESCRIPTION | |
| Extent | 105 p. ; 25 cm. |
| 650 00 - SUBJECT ADDED ENTRY--TOPICAL TERM | |
| Topical term or geographic name entry element | Buddhism --Doctrines. |
| 942 ## - ADDED ENTRY ELEMENTS (KOHA) | |
| Source of classification or shelving scheme | Dewey Decimal Classification |
| Koha item type | Dzongkha |
| Withdrawn status | Lost status | Source of classification or shelving scheme | Damaged status | Not for loan | Collection code | Home library | Current library | Shelving location | Date acquired | Serial Enumeration / chronology | Inventory number | Total Checkouts | Full call number | Barcode | Date last seen | Copy number | Price effective from | Koha item type | Date last checked out |
|---|---|---|---|---|---|---|---|---|---|---|---|---|---|---|---|---|---|---|---|
| Dewey Decimal Classification | Dzongkha | RTC Library | RTC Library | Dzongkha | 12/01/2022 | 8552 | 181.043 LHA | 30008686 | 12/01/2022 | 1 | 27/11/2018 | Dzongkha | |||||||
| Dewey Decimal Classification | Dzongkha | RTC Library | RTC Library | Dzongkha | 12/01/2022 | 8553 | 1 | 181.043 LHA | 30008675 | 15/03/2024 | 2 | 27/11/2018 | Dzongkha | 28/02/2024 |